Fuerza para vencer / (Registro nro. 43468)

Detalles MARC
000 -LEADER
fixed length control field 01188nam a2200289 4500
001 - CONTROL NUMBER
control field 0000021946
003 - CONTROL NUMBER IDENTIFIER
control field CO-CtgCURN
005 - DATE AND TIME OF LATEST TRANSACTION
control field 20250429224759.0
007 - PHYSICAL DESCRIPTION FIXED FIELD--GENERAL INFORMATION
fixed length control field ta
008 - FIXED-LENGTH DATA ELEMENTS--GENERAL INFORMATION
fixed length control field 160627s2002 000 0 eng d
020 ## - INTERNATIONAL STANDARD BOOK NUMBER
International Standard Book Number 1575542803
040 ## - CATALOGING SOURCE
Original cataloging agency CO-CtgCURN
Language of cataloging spa
Transcribing agency coctgcurn
082 0# - DEWEY DECIMAL CLASSIFICATION NUMBER
Classification number 242.5
Item number B85f
100 1# - MAIN ENTRY--PERSONAL NAME
Personal name Bullon, Alejandro.
245 10 - TITLE STATEMENT
Title Fuerza para vencer /
Statement of responsibility, etc. Alejandro Bullon , traducción Cristina Quintero.
260 ## - PUBLICATION, DISTRIBUTION, ETC.
Place of publication, distribution, etc. Bogotá :
Name of publisher, distributor, etc. Asociacion Publicadora Interamericana,
Date of publication, distribution, etc. 2002.
300 ## - PHYSICAL DESCRIPTION
Extent 128 p.
336 ## - CONTENT TYPE
Source rdacontent
337 ## - MEDIA TYPE
Source rdamedia
Media type term sin mediacion
Media type code n
338 ## - CARRIER TYPE
Source rdacarrier
Carrier type term volumen
Carrier type code nc
505 8# - FORMATTED CONTENTS NOTE
Formatted contents note Fuerza para elegir correctamente.--Fuerza para encontrarme a mi mismo.--Fuerza para amar.--Fuerza para creer.--Fuerza para cambiar.--Fuerza para hacer amigos.--Fuerza para alcanzar la perfección.--Fuerza para preservar la amistad.--Fuerza para alcanzar la fortaleza.--Fuerza para hablar.--Fuerza para unir.--Fuerza para vencer
650 14 - SUBJECT ADDED ENTRY--TOPICAL TERM
Topical term or geographic name entry element Espiritualidad.
700 1# - ADDED ENTRY--PERSONAL NAME
Personal name Quintero, Cristina,
Relator term Traductor.
908 ## - PUT COMMAND PARAMETER (RLIN)
Put command parameter 160627
942 ## - ADDED ENTRY ELEMENTS (KOHA)
Koha item type Libros
Classification part 242.5
Item part B85f
Source of classification or shelving scheme Dewey Decimal Classification

No hay ítems disponibles.